00411nam a2200121Ia 4500008004100000082001900041100001700060245002100077260003400098300001000132630001800142650012900160211109s9999||||xx |||||||||||||| ||und|| a894.812bSIT-K aSitharaman,  0aKaliyum Karyavum bP k BrothersaKozhikodec1957 a250p. xGeneral Stack aLiterature & rhetoricvLiteratures of other languagesAltaic, Uralic, Hyperborean & Dravidianmalayalam literature xGeneralia